书目信息 |
| 题名: |
建筑涂装技术
|
|
| 作者: | 李熙 主编 | |
| 分册: | 下册 | |
| 出版信息: | 长春 吉林出版集团有限责任公司 2010.03 |
|
| 页数: | 169页 | |
| 开本: | 21cm | |
| 丛书名: | 新农村建设丛书·农村富余劳动力转移培训教材 | |
| 单 册: | ||
| 中图分类: | TU56 , TQ639 | |
| 科图分类: | ||
| 主题词: | 建筑漆--技术培训--教材 , 涂漆--技术培训--教材 , 涂漆 , 建筑漆 | |
| 电子资源: | ||
| ISBN: | 978-7-80720-745-0 | |
| 000 | 01050nam 22003251 450 | |
| 001 | 005116249 | |
| 005 | 20110302174347.95 | |
| 010 | @a978-7-80720-745-0@dCNY22.00 | |
| 096 | @aTU767@blx | |
| 100 | @a20101222d2010 em y0chiy50 ea | |
| 101 | 0 | @achi |
| 102 | @aCN@b220000 | |
| 105 | @aa z 000yy | |
| 200 | 1 | @a建筑涂装技术@9jian zhu tu zhuang ji shu@h下册@f李熙主编 |
| 205 | @a第2版 | |
| 210 | @a长春@c吉林出版集团有限责任公司@c吉林科学技术出版社@d2010.03 | |
| 215 | @a169页@c图@d21cm | |
| 225 | 2 | @a新农村建设丛书·农村富余劳动力转移培训教材 |
| 330 | @a本书为下册,内容包括:涂装方法、变通油性涂料施涂工艺、室内普通水乳性涂料施涂工艺、壁纸裱糊工艺、普通玻璃的裁装工艺等。 | |
| 410 | 0 | @12001 @a新农村建设丛书·农村富余劳动力转移培训教材 |
| 461 | 0 | @1001003815005 |
| 606 | 0 | @a建筑漆@x技术培训@j教材 |
| 606 | 0 | @a涂漆@x技术培训@j教材 |
| 606 | 0 | @a涂漆 |
| 606 | 0 | @a建筑漆 |
| 690 | @aTU56@v4 | |
| 690 | @aTQ639@v4 | |
| 701 | 0 | @a李熙@9li xi@4主编 |
| 801 | 0 | @aCN@bRENTIAN@c20110302 |
| 905 | @aZUCC@dTU56@eL293=2:2@f3 | |
| 建筑涂装技术.下册/李熙主编.-第2版.-长春:吉林出版集团有限责任公司:吉林科学技术出版社,2010.03 |
| 169页:图;21cm.-(新农村建设丛书·农村富余劳动力转移培训教材) |
| ISBN 978-7-80720-745-0:CNY22.00 |
| 本书为下册,内容包括:涂装方法、变通油性涂料施涂工艺、室内普通水乳性涂料施涂工艺、壁纸裱糊工艺、普通玻璃的裁装工艺等。 |
| ● |
| 相关链接 |
|
|
|
正题名:建筑涂装技术
索取号:TU56/L293=2:2
 
预约/预借
| 序号 | 登录号 | 条形码 | 馆藏地/架位号 | 状态 | 备注 |
| 1 | 1192711 | 211927110 | 建筑库201/201建筑库 9排4列4层/ [索取号:TU56/L293=2:2] | 在馆 | |
| 2 | 1192712 | 211927129 | 建筑库201/201建筑库 9排4列4层/ [索取号:TU56/L293=2:2] | 在馆 | |
| 3 | 1192713 | 211927138 | 建筑库201/201建筑库 9排4列4层/ [索取号:TU56/L293=2:2] | 在馆 |